[Event "Heusenstamm Sparkassen op-A 2nd"]
[Site "Heusenstamm"]
[Date "2015.11.29"]
[Round "7"]
[White "Dickmann, Thomas"]
[Black "Tornay Gomez, Josu"]
[Result "0-1"]
[WhiteElo "2013"]
[BlackElo "2100"]
[PlyCount "54"]
[EventDate "2015.11.26"]
[EventType "swiss"]
[EventRounds "7"]
[EventCountry "GER"]
[SourceTitle "EXT 2018"]
[Source "ChessBase"]
[SourceDate "2017.10.13"]
[SourceVersion "1"]
[SourceVersionDate "2017.10.13"]
[SourceQuality "1"]

1. e4 c5 2. c3 g6 3. d4 cxd4 4. cxd4 d5 5. exd5 Nf6 6. Nc3 Bg7 7. Bc4 0-0 8. Nf3 Nbd7 9. d6 exd6 10. 0-0 Nb6 11. Bb3 d5 12. Bg5 h6 13. Bf4 Bf5 14. Re1 a6 15. Ne5 Rc8 16. Rc1 Nc4 17. Na4 Nh5 18. Be3 b5 19. Nc5 Rxc5 20. dxc5 Nxe5 21. Bxd5 Nd3 22. Bf3 Nxe1 23. Qxe1 Nf6 24. c6 Qc7 25. Qd2 g5 26. g3 Rd8 27. Qb4 Nd5 0-1

[Event "Heusenstamm Sparkassen op-A 2nd"]
[Site "Heusenstamm"]
[Date "2015.11.29"]
[Round "6"]
[White "Hankel, Dennis"]
[Black "Dickmann, Thomas"]
[Result "1/2-1/2"]
[WhiteElo "2180"]
[BlackElo "2013"]
[PlyCount "115"]
[EventDate "2015.11.26"]
[EventType "swiss"]
[EventRounds "7"]
[EventCountry "GER"]
[SourceTitle "EXT 2018"]
[Source "ChessBase"]
[SourceDate "2017.10.13"]
[SourceVersion "1"]
[SourceVersionDate "2017.10.13"]
[SourceQuality "1"]

1. e4 c5 2. Nf3 Nc6 3. d4 cxd4 4. Nxd4 g6 5. c4 Nf6 6. Nc3 d6 7. Be2 Nxd4 8. Qxd4 Bg7 9. Qd3 0-0 10. 0-0 Qa5 11. Rb1 Be6 12. Bd2 Rfc8 13. b3 a6 14. Rfc1 Nd7 15. Nd5 Qd8 16. Qe3 a5 17. Bf1 b6 18. f3 Rab8 19. Qf2 f5 20. Bg5 Bxd5 21. exd5 Bf6 22. Be3 Nc5 23. Rc2 Ra8 24. Kh1 Rcb8 25. Re1 Qf8 26. Qd2 Rb7 27. Bd4 Bxd4 28. Qxd4 Qg7 29. Qh4 Rf8 30. f4 Qf6 31. Qxf6 Rxf6 32. Rce2 Rf7 33. Re3 Kg7 34. g3 Kf6 35. Bg2 Rf8 36. Bf3 h5 37. Kg2 Rc7 38. Bd1 Rb8 39. Be2 Ra8 40. h3 Rh8 41. g4 hxg4 42. hxg4 Rh7 43. a3 Kf7 44. Bf3 Rh4 45. Kg3 Rh7 46. Rb1 Rh8 47. b4 axb4 48. axb4 Nd7 49. gxf5 gxf5 50. Be2 Nf6 51. Bd3 Rh5 52. Re2 Rc8 53. Rg2 Ra8 54. Rb3 Ra1 55. Bb1 Ra8 56. Kf2 Rc8 57. Bd3 Ra8 58. Bb1 1/2-1/2

[Event "Heusenstamm Sparkassen op-A 2nd"]
[Site "Heusenstamm"]
[Date "2015.11.28"]
[Round "5"]
[White "Dickmann, Thomas"]
[Black "Haftmann, Rainer"]
[Result "1-0"]
[WhiteElo "2013"]
[BlackElo "1866"]
[PlyCount "119"]
[EventDate "2015.11.26"]
[EventType "swiss"]
[EventRounds "7"]
[EventCountry "GER"]
[SourceTitle "EXT 2018"]
[Source "ChessBase"]
[SourceDate "2017.10.13"]
[SourceVersion "1"]
[SourceVersionDate "2017.10.13"]
[SourceQuality "1"]

1. e4 e5 2. Nf3 Nc6 3. Bb5 a6 4. Bxc6 dxc6 5. 0-0 f6 6. d4 exd4 7. Nxd4 c5 8. Nb3 Qxd1 9. Rxd1 Bd7 10. Be3 b6 11. Nc3 0-0-0 12. a4 a5 13. Nd2 Ne7 14. Nc4 g5 15. e5 Bg7 16. exf6 Bxf6 17. Ne4 Rdf8 18. Nxf6 Rxf6 19. Bxg5 Re6 20. Re1 Nf5 21. Rxe6 Bxe6 22. Ne3 Rg8 23. Bf4 Nd4 24. Be5 Nf3+ 25. Kf1 Nxe5 26. f4 Nc4 27. Nxc4 Bxc4+ 28. Kf2 Bd5 29. g3 c4 30. Re1 Kd7 31. Re5 c6 32. c3 Re8 33. Rh5 Re7 34. g4 Re4 35. Rxh7+ Kd6 36. Rh6+ Ke7 37. Kg3 Re3+ 38. Kh4 Kf7 39. Kg5 Re8 40. Rh7+ Kg8 41. Rb7 Re2 42. h4 Rxb2 43. Kg6 Kf8 44. h5 Re2 45. f5 Re8 46. h6 Kg8 47. Rxb6 Rf8 48. Ra6 Kh8 49. g5 Rg8+ 50. Kh5 Rf8 51. Kg4 Re8 52. g6 Rg8 53. Kg5 Re8 54. Rxa5 Kg8 55. Ra7 Kh8 56. Rc7 Ra8 57. a5 Be4 58. a6 Bd5 59. a7 Bg8 60. h7 1-0

[Event "Heusenstamm Sparkassen op-A 2nd"]
[Site "Heusenstamm"]
[Date "2015.11.28"]
[Round "4"]
[White "Hecht, Carsten"]
[Black "Dickmann, Thomas"]
[Result "1-0"]
[WhiteElo "2159"]
[BlackElo "2013"]
[PlyCount "125"]
[EventDate "2015.11.26"]
[EventType "swiss"]
[EventRounds "7"]
[EventCountry "GER"]
[SourceTitle "EXT 2018"]
[Source "ChessBase"]
[SourceDate "2017.10.13"]
[SourceVersion "1"]
[SourceVersionDate "2017.10.13"]
[SourceQuality "1"]

1. e4 c5 2. Nf3 g6 3. d4 cxd4 4. Nxd4 Nc6 5. c4 Nf6 6. Nc3 d6 7. Be2 Nxd4 8. Qxd4 Bg7 9. Bg5 0-0 10. Qd2 Be6 11. Rc1 Qa5 12. f3 Rfc8 13. b3 a6 14. Na4 Qxd2+ 15. Kxd2 Nd7 16. g4 f6 17. Be3 f5 18. exf5 gxf5 19. h3 Rf8 20. f4 Rab8 21. Nc3 Nc5 22. Rhg1 Kf7 23. Bf3 a5 24. Rg2 Bf6 25. Nd5 Ne4+ 26. Kd3 Nc5+ 27. Ke2 Ne4 28. Nxf6 Nxf6 29. g5 Nd7 30. h4 Nc5 31. h5 Rg8 32. g6+ hxg6 33. hxg6+ Ke8 34. Bd4 Ne4 35. Ke3 Nc5 36. Rh1 Nd7 37. Rh7 b5 38. cxb5 Rxb5 39. Re2 Kd8 40. Kf2 Nf8 41. Rg7 Rxg7 42. Bxg7 Nxg6 43. Rxe6 Nxf4 44. Rh6 Nd3+ 45. Ke3 Nc1 46. Rh2 e5 47. Rc2 Nxb3 48. axb3 Rxb3+ 49. Kf2 a4 50. Bc6 Ke7 51. Bxa4 Rb7 52. Bh6 Ke6 53. Bd2 f4 54. Bc6 Rb6 55. Bf3 Kf5 56. Rc8 Rb2 57. Ke1 Rb1+ 58. Ke2 Rb2 59. Rd8 Ke6 60. Kd3 Rb3+ 61. Bc3 Rb5 62. Bg4+ Ke7 63. Rd7+ 1-0

[Event "Goch op 25th"]
[Site "Goch"]
[Date "2014.09.07"]
[Round "6"]
[White "Verfuerth, Thomas"]
[Black "Dickmann, Thomas"]
[Result "1-0"]
[WhiteElo "2156"]
[BlackElo "2040"]
[PlyCount "99"]
[EventDate "2014.09.04"]
[EventType "swiss"]
[EventRounds "7"]
[EventCountry "GER"]
[SourceTitle "EXT 2016"]
[Source "ChessBase"]
[SourceDate "2015.10.08"]
[SourceVersion "1"]
[SourceVersionDate "2015.10.08"]
[SourceQuality "1"]

1. c4 c5 2. Nc3 Nc6 3. e4 g6 4. g3 Bg7 5. Bg2 d6 6. Nge2 Nf6 7. 0-0 0-0 8. h3 a6 9. a3 Rb8 10. Rb1 Bd7 11. b4 cxb4 12. axb4 b5 13. cxb5 axb5 14. d4 Qc8 15. g4 e5 16. dxe5 dxe5 17. Nd5 Nxd5 18. exd5 Nd8 19. Be3 Nb7 20. Rc1 Qd8 21. Bc5 Re8 22. Ng3 f5 23. gxf5 gxf5 24. Qh5 Qf6 25. Rfd1 Qg6 26. Qxg6 hxg6 27. Ne2 e4 28. Nd4 Be5 29. Nc6 Bxc6 30. dxc6 Nxc5 31. Rxc5 Bf4 32. Kh1 Red8 33. Rxd8+ Rxd8 34. Bf1 Rd1 35. Kg2 Bd6 36. c7 Bxc7 37. Rxc7 Rd4 38. Bxb5 Rxb4 39. Bc4+ Kf8 40. Kg3 Rb2 41. Rf7+ Ke8 42. Rf6 Rb4 43. Ba6 Rb3+ 44. Kg2 Ke7 45. Rxg6 Rb2 46. Bc8 f4 47. Re6+ Kd8 48. Rxe4 Kxc8 49. Rxf4 Kd7 50. Re4 1-0

[Event "Goch op 25th"]
[Site "Goch"]
[Date "2014.09.06"]
[Round "4"]
[White "Boldt, Manfred"]
[Black "Dickmann, Thomas"]
[Result "0-1"]
[WhiteElo "1818"]
[BlackElo "2040"]
[PlyCount "70"]
[EventDate "2014.09.04"]
[EventType "swiss"]
[EventRounds "7"]
[EventCountry "GER"]
[SourceTitle "EXT 2016"]
[Source "ChessBase"]
[SourceDate "2015.10.08"]
[SourceVersion "1"]
[SourceVersionDate "2015.10.08"]
[SourceQuality "1"]

1. c4 c5 2. g3 g6 3. Bg2 Bg7 4. Nc3 Nc6 5. Nf3 e6 6. 0-0 Nge7 7. e3 0-0 8. d4 cxd4 9. exd4 d5 10. c5 Nf5 11. Ne2 b6 12. Bg5 Qd7 13. g4 Nfe7 14. Bf4 bxc5 15. dxc5 e5 16. Bg3 Qxg4 17. h3 Qh5 18. Bh4 Bxh3 19. Ng3 Qg4 20. Bxe7 Nxe7 21. Qb3 Bxg2 22. Kxg2 e4 23. Nh2 Qe6 24. Qe3 f5 25. Ne2 Qe5 26. Nf4 Bh6 27. Nxg6 Qg7 28. Qh3 Nxg6 29. Kh1 Nf4 30. Qg3 Qxg3 31. fxg3 Ne2 32. Kg2 d4 33. Rfe1 d3 34. Nf1 Rab8 35. b3 Rfc8 0-1

[Event "Goch op 24th"]
[Site "Goch"]
[Date "2013.09.08"]
[Round "7"]
[White "Dickmann, Thomas"]
[Black "Koch, Frank"]
[Result "1/2-1/2"]
[WhiteElo "2043"]
[BlackElo "2001"]
[PlyCount "31"]
[EventDate "2013.09.05"]
[EventType "swiss"]
[EventRounds "7"]
[EventCountry "GER"]
[SourceTitle "EXT 2015"]
[Source "ChessBase"]
[SourceDate "2014.11.20"]
[SourceVersion "1"]
[SourceVersionDate "2014.11.20"]
[SourceQuality "1"]

1. e4 e5 2. Nf3 Nc6 3. Bb5 Nf6 4. 0-0 Bc5 5. c3 0-0 6. d4 Bb6 7. Bg5 d6 8. Qd3 Qe7 9. Nbd2 Nd8 10. d5 a6 11. Ba4 Ba7 12. c4 h6 13. Bh4 Kh7 14. Rac1 Rg8 15. Bxf6 Qxf6 16. b4 1/2-1/2

[Event "Goch op 24th"]
[Site "Goch"]
[Date "2013.09.07"]
[Round "5"]
[White "Dickmann, Thomas"]
[Black "Maczkowiak, Thomas"]
[Result "1/2-1/2"]
[WhiteElo "2043"]
[BlackElo "1940"]
[PlyCount "41"]
[EventDate "2013.09.05"]
[EventType "swiss"]
[EventRounds "7"]
[EventCountry "GER"]
[SourceTitle "EXT 2015"]
[Source "ChessBase"]
[SourceDate "2014.11.20"]
[SourceVersion "1"]
[SourceVersionDate "2014.11.20"]
[SourceQuality "1"]

1. e4 c6 2. d4 d5 3. e5 Bf5 4. Nf3 e6 5. Be2 c5 6. 0-0 Nc6 7. Be3 cxd4 8. Nxd4 Nxd4 9. Bxd4 Ne7 10. Nd2 Nc6 11. Nf3 Bg4 12. c3 Be7 13. Qd3 Bxf3 14. Qxf3 Nxd4 15. cxd4 Qb6 16. Qg4 g6 17. Rab1 0-0 18. Bd3 Rac8 19. h4 Qb4 20. h5 Qd2 21. Rfd1 1/2-1/2

[Event "Goch op 22nd"]
[Site "Goch"]
[Date "2011.10.02"]
[Round "6"]
[White "Thevessen, Hubert"]
[Black "Dickmann, Thomas"]
[Result "0-1"]
[WhiteElo "1889"]
[BlackElo "2060"]
[PlyCount "76"]
[EventDate "2011.09.29"]
[EventType "swiss"]
[EventRounds "7"]
[EventCountry "GER"]
[SourceTitle "EXT 2014"]
[Source "ChessBase"]
[SourceDate "2013.11.20"]
[SourceVersion "1"]
[SourceVersionDate "2013.11.20"]
[SourceQuality "1"]

1. c4 c5 2. Nc3 g6 3. g3 Bg7 4. Bg2 Nc6 5. e3 d6 6. Nge2 Nf6 7. d4 cxd4 8. exd4 0-0 9. 0-0 a6 10. a3 Na5 11. b3 Rb8 12. Bf4 Bd7 13. c5 Nh5 14. Be3 dxc5 15. dxc5 Bc6 16. Qc2 e6 17. Rad1 Qc7 18. Rfe1 Rbd8 19. Bxc6 Nxc6 20. Ne4 Nf6 21. Bg5 Rxd1 22. Rxd1 Nxe4 23. Qxe4 Qa5 24. Rd7 h6 25. Bd2 Qxa3 26. Rxb7 Qxc5 27. Rc7 Qe5 28. Qxc6 Qxe2 29. Be3 Qd1+ 30. Kg2 Qxb3 31. Bc5 Rd8 32. Rxf7 Kxf7 33. Qc7+ Kg8 34. Qxd8+ Kh7 35. Qe7 Qd5+ 36. Kg1 e5 37. Qa7 e4 38. Bf8 Qd1+ 0-1

[Event "Goch op 21st"]
[Site "Goch"]
[Date "2010.10.01"]
[Round "2"]
[White "Dickmann, Thomas"]
[Black "Kaufung, Christian"]
[Result "1-0"]
[WhiteElo "2086"]
[BlackElo "1785"]
[PlyCount "39"]
[EventDate "2010.09.30"]
[EventType "swiss"]
[EventRounds "7"]
[EventCountry "GER"]
[SourceTitle "EXT 2012"]
[Source "ChessBase"]
[SourceDate "2011.11.24"]
[SourceVersion "1"]
[SourceVersionDate "2011.11.24"]
[SourceQuality "1"]

1. e4 e5 2. Nf3 Nf6 3. Nxe5 d6 4. Nf3 Nxe4 5. d4 d5 6. Bd3 Be7 7. 0-0 0-0 8. Nc3 Nf6 9. Bg5 c6 10. Qd2 Be6 11. Rae1 Nbd7 12. Ne5 Nxe5 13. dxe5 Nd7 14. Bxe7 Qxe7 15. f4 Nc5 16. f5 Nxd3 17. cxd3 d4 18. f6 gxf6 19. exf6 Qc5 20. Qh6 1-0

[Event "Cologne Longerich op 7th"]
[Site "Cologne"]
[Date "2010.08.01"]
[Round "4"]
[White "Dickmann, Thomas"]
[Black "Stelzer, Wolfgang"]
[Result "1-0"]
[WhiteElo "1993"]
[BlackElo "1799"]
[PlyCount "53"]
[EventDate "2010.07.30"]
[EventType "swiss"]
[EventRounds "5"]
[EventCountry "GER"]
[SourceTitle "EXT 2011"]
[Source "ChessBase"]
[SourceDate "2010.11.26"]
[SourceVersion "1"]
[SourceVersionDate "2010.11.26"]
[SourceQuality "1"]

1. e4 c5 2. c3 d5 3. exd5 Qxd5 4. d4 cxd4 5. cxd4 Nc6 6. Nf3 e5 7. Nc3 Bb4 8. Be2 e4 9. 0-0 Bxc3 10. bxc3 exf3 11. Bxf3 Qd6 12. Re1+ Kd8 13. Qb3 Qf6 14. Qd5+ Kc7 15. Bg5 Qf5 16. Re5 Qd7 17. Qc4 f6 18. Rd5 fxg5 19. Rxd7+ Kxd7 20. Qf7+ Nge7 21. d5 Nd8 22. Qxg7 Rg8 23. Qxh7 Kd6 24. Re1 Re8 25. Qh6+ Kc5 26. Qxg5 Nf7 27. Qf4 1-0

[Event "Cologne Longerich op 7th"]
[Site "Cologne"]
[Date "2010.08.01"]
[Round "5"]
[White "Viganske, Christian"]
[Black "Dickmann, Thomas"]
[Result "1/2-1/2"]
[WhiteElo "1911"]
[BlackElo "1993"]
[PlyCount "43"]
[EventDate "2010.07.30"]
[EventType "swiss"]
[EventRounds "5"]
[EventCountry "GER"]
[SourceTitle "EXT 2011"]
[Source "ChessBase"]
[SourceDate "2010.11.26"]
[SourceVersion "1"]
[SourceVersionDate "2010.11.26"]
[SourceQuality "1"]

1. e4 c5 2. c3 Nf6 3. e5 Nd5 4. Nf3 Nc6 5. Bc4 Nb6 6. Bb5 e6 7. 0-0 Be7 8. d4 cxd4 9. cxd4 Nd5 10. Nc3 Nxc3 11. bxc3 d6 12. Bf4 0-0 13. Re1 dxe5 14. Nxe5 Nxe5 15. Bxe5 Bd6 16. Qg4 f6 17. Bxd6 Qxd6 18. Bc4 f5 19. Qh5 Bd7 20. Re5 Rac8 21. Qe2 Qc7 22. Rc5 1/2-1/2

[Event "Goch op 20th"]
[Site "Goch"]
[Date "2009.10.04"]
[Round "6"]
[White "Dickmann, Thomas"]
[Black "Vasiljev, Jurij"]
[Result "1/2-1/2"]
[WhiteElo "2066"]
[BlackElo "2127"]
[PlyCount "41"]
[EventDate "2009.10.01"]
[EventType "swiss"]
[EventRounds "7"]
[EventCountry "GER"]
[SourceTitle "EXT 2011"]
[Source "ChessBase"]
[SourceDate "2010.11.26"]
[SourceVersion "1"]
[SourceVersionDate "2010.11.26"]
[SourceQuality "1"]

1. e4 c5 2. c3 Nf6 3. e5 Nd5 4. d4 cxd4 5. cxd4 e6 6. Nf3 Nc6 7. Bc4 Nb6 8. Bb3 Bb4+ 9. Bd2 d6 10. 0-0 Bxd2 11. Nbxd2 d5 12. Rc1 Bd7 13. Qe2 0-0 14. Rc3 f5 15. exf6 Qxf6 16. Qe3 Rae8 17. Bc2 e5 18. Nxe5 Nxe5 19. dxe5 Rxe5 20. Qd4 Re1 21. Qxf6 1/2-1/2

[Event "Goch op 20th"]
[Site "Goch"]
[Date "2009.10.02"]
[Round "2"]
[White "Dickmann, Thomas"]
[Black "Bock, Juergen"]
[Result "0-1"]
[WhiteElo "2066"]
[BlackElo "2281"]
[PlyCount "110"]
[EventDate "2009.10.01"]
[EventType "swiss"]
[EventRounds "7"]
[EventCountry "GER"]
[SourceTitle "EXT 2011"]
[Source "ChessBase"]
[SourceDate "2010.11.26"]
[SourceVersion "1"]
[SourceVersionDate "2010.11.26"]
[SourceQuality "1"]

1. d4 d5 2. Bf4 c5 3. e3 cxd4 4. exd4 Nc6 5. c3 Nf6 6. Nd2 Bg4 7. Ngf3 e6 8. Bd3 Be7 9. h3 Bh5 10. 0-0 Bg6 11. Be2 0-0 12. Ne5 Nxe5 13. dxe5 Nd7 14. Nf3 Qc7 15. Re1 Nb6 16. Bf1 Rfc8 17. Qe2 Qc4 18. Qe3 Qe4 19. Qxe4 Bxe4 20. Nd2 Bg6 21. Nf3 Na4 22. Re2 Bd8 23. Be3 Be4 24. Ne1 Be7 25. g3 b5 26. a3 a6 27. Bd4 Nc5 28. f3 Bg6 29. Rd1 Kf8 30. Bf2 Na4 31. Bd4 Ke8 32. Nd3 h6 33. h4 Bf5 34. g4 Bxd3 35. Rxd3 Bxh4 36. f4 Be7 37. Rf3 Nc5 38. Rg2 Kd7 39. f5 Ne4 40. fxe6+ fxe6 41. Rf7 Rg8 42. Bd3 Ng5 43. Rf1 Rgf8 44. Rxf8 Rxf8 45. Kh2 Kc6 46. Be2 Bd8 47. Rf2 Rxf2+ 48. Bxf2 Bc7 49. Be3 Bxe5+ 50. Kg2 Ne4 51. Kf3 Bf6 52. Bd3 Nd6 53. a4 Nc4 54. axb5+ axb5 55. Bc1 Ne5+ 0-1

[Event "Goch op 20th"]
[Site "Goch"]
[Date "2009.10.02"]
[Round "3"]
[White "Rieken, Heinrich"]
[Black "Dickmann, Thomas"]
[Result "0-1"]
[WhiteElo "1827"]
[BlackElo "2066"]
[PlyCount "80"]
[EventDate "2009.10.01"]
[EventType "swiss"]
[EventRounds "7"]
[EventCountry "GER"]
[SourceTitle "EXT 2011"]
[Source "ChessBase"]
[SourceDate "2010.11.26"]
[SourceVersion "1"]
[SourceVersionDate "2010.11.26"]
[SourceQuality "1"]

1. e4 d5 2. exd5 Qxd5 3. Nc3 Qa5 4. Bc4 Nf6 5. d3 c6 6. Bd2 Qc7 7. Nf3 Bg4 8. Ne4 Nbd7 9. Qe2 Ne5 10. Nxf6+ gxf6 11. Bb3 Nxf3+ 12. gxf3 Bh5 13. 0-0-0 Qe5 14. Qxe5 fxe5 15. Rde1 Bxf3 16. Rhg1 f6 17. Be6 Bd5 18. Bg4 h5 19. Bf5 Bf7 20. f4 exf4 21. Bxf4 Bh6 22. Bxh6 Rxh6 23. Re3 Kf8 24. d4 Re8 25. Rge1 e6 26. Bxe6 Bxe6 27. Rxe6 Rxe6 28. Rxe6 Kf7 29. Re3 Rg6 30. Re2 f5 31. Kd2 Kf6 32. Ke3 Rg4 33. c4 c5 34. Rd2 Re4+ 35. Kf3 Rxd4 36. Rc2 f4 37. b3 Kf5 38. Re2 Rd3+ 39. Kf2 Rh3 40. Kg2 f3+ 0-1

[Event "Goch op 19th"]
[Site "Goch"]
[Date "2008.10.12"]
[Round "6"]
[White "Dickmann, Thomas"]
[Black "Vogel, Jaap"]
[Result "0-1"]
[WhiteElo "2017"]
[BlackElo "2233"]
[PlyCount "80"]
[EventDate "2008.10.09"]
[EventType "swiss"]
[EventRounds "7"]
[EventCountry "GER"]
[SourceTitle "EXT 2011"]
[Source "ChessBase"]
[SourceDate "2010.11.26"]
[SourceVersion "1"]
[SourceVersionDate "2010.11.26"]
[SourceQuality "1"]

1. d4 e6 2. e4 d5 3. Nd2 Nf6 4. e5 Nfd7 5. Bd3 c5 6. c3 Nc6 7. Ne2 cxd4 8. cxd4 f6 9. exf6 Nxf6 10. Nf3 Bd6 11. Bf4 Qa5+ 12. Qd2 Qxd2+ 13. Bxd2 0-0 14. 0-0 Ng4 15. Rfe1 e5 16. dxe5 Rxf3 17. exd6 Rxd3 18. Bc3 Bd7 19. Nf4 Rxc3 20. bxc3 Nf6 21. Rad1 Re8 22. Rxe8+ Bxe8 23. Nxd5 Nxd5 24. Rxd5 Bf7 25. Rd2 Kf8 26. Re2 Bc4 27. Rd2 Ke8 28. f4 Be6 29. Kf2 Kd7 30. Kf3 Na5 31. Ke4 g6 32. h3 Bf5+ 33. Kf3 Nc4 34. Rd4 Nxd6 35. g4 Be6 36. a4 Ke7 37. Rb4 a5 38. Rb6 Bd7 39. c4 Bxa4 40. c5 Bc6+ 0-1